Encyklopedie osobností České a Slovenské republiky VII./2019

Bibliographic Details
Format: Book
Language:Czech
Slovak
PhysicalDescription:1552 strán portréty 24 cm
Published: [London] BPH - British Publishing House [2019]
ISBN:9781912100354
Subjects:

MARC

LEADER 00000cam a2200000 4500
001 vtls011916316
003 SK-MaSNL
005 20260425224202.0
008 201207s2019 xxkc gre 001 0dcze
015 |a SNBSAB2019 
020 |a 9781912100354  |q (viazané) 
035 |a CB735B8C-E0A6-47A7-8216-DAA3E88A367E 
035 |a urn:nbn:sk:snk-am3ibu8 
035 |a urn:nbn:sk:snk-am00e1c6 
040 |a SNK  |b slo  |c SNK  |e rda 
041 0 |a cze  |a slo 
043 |a e-xr---  |a e-xo--- 
044 |a xxk  |c GB 
072 7 |a 929  |x Biografie  |2 konspekt 
080 |a 929  |2 2011 
080 |a (437.3)  |2 2011 
080 |a (437.6)  |2 2011 
080 |a (031)  |2 2011 
080 |a (031)929  |2 2011 
245 0 0 |a Encyklopedie osobností České a Slovenské republiky  |n VII./2019 
246 3 1 |a Encyklopédia osobností Českej a Slovenskej republiky 
264 1 |a [London]  |b BPH - British Publishing House  |c [2019] 
264 4 |c ©2019 
300 |a 1552 strán  |b portréty  |c 24 cm 
336 |a text  |b txt  |2 rdacontent 
337 |a bez média  |b n  |2 rdamedia 
338 |a zväzok  |b nc  |2 rdacarrier 
500 |a Obsahuje zoznam skratiek na strane 1543-1552 
504 |a Obsahuje register na strane 1529-1541 
546 |a Súbežný názov v slovenčine ; čiastočný text v slovenčine 
650 0 7 |a osobnosti  |2 SNKPH  |9 29820 
650 0 7 |a Celebrities  |2 SNKPHeng  |9 265203 
651 7 |a Česko  |2 SNKPHgeo  |9 16753 
651 7 |a Slovensko  |2 SNKPHgeo  |9 14231 
651 7 |a Czechia  |2 SNKPHeng  |9 170107 
651 7 |a Slovakia  |2 SNKPHeng  |9 92630 
655 7 |a encyklopédie  |2 SNKPH  |9 28776 
655 7 |a Encyclopedias  |2 SNKPHeng  |9 90422 
655 7 |a biografické slovníky  |2 SNKPH  |9 51960 
655 7 |a Biographical dictionaries  |2 SNKPHeng  |9 278210 
919 |a 978-1-912100-35-4 
958 |a ZS 
958 |a NB 
958 |a BX 
958 |a BC 
999 |c 606449  |d 608379 
952 |a SNK  |b SNK  |y PREZ  |7 0  |p 17A1394414  |o snkSC 188441  |i snk2020/3055  |8 1  |0 0  |1 0  |4 0  |d 2020-02-10  |f 1  |l 0  |r 2025-10-06 00:00:00  |w 2026-02-23